000 00686nam a2200253Ia 4500
003 OSt
005 20220918164314.0
006 a|||||r|||| 00| 0
007 ta
008 220917b |||||||| |||| 00| 0 eng d
020 _a0521403162 (hbk)
024 _a45,748
037 _cTextual
040 _aARTS
_cARTS
_beng
041 _2eng
_aeng
082 _aV2-3:28.L5, N1
100 _aBowen H. V
_918212
245 0 _aRevenue and reform ; the Indian problem in British politics 1757-1773
260 _aCambridge
_bCUP
_c1991
300 _axi,204p.
_ccm.
650 _aHISTORY
942 _hV2-3:28.L5, N1
_cTEXL
_2CC
999 _c124144
_d124144